LEADER 00953nam a2200217 4500 001 000000354380 003 CaOOAMICUS 005 20230622143239.0 008 230622s1937 it 000 u ita r 040 $aSeMil$bita 100 1 $aRoberti, Arnaldo,$c.$0(OLS)http://semarc/name/70577 245 10$aFractio panis :$bconferenze sulla liturgia della Messa /$cd. Arnaldo Roberti. 264 1$aMilano :$bVita e Pensiero,$c1937. 300 $aXI, 320 p. ;$c20 cm 650 4$aMessa - Liturgia.$0(OLS)http://semarc/subject/1666 850 $aSeMil 852 $aSeMil$W1$xVenegono$y1$m3K III 164$j241674$B245639$CSeMilBibl$Z2$F245639 $81 961 $aCon dedica autografa dell'autore (don Arnaldo Roberti) a don Adolfo Rivolta (dicembre 1937) 996 $6245$aFractio panis :$bconferenze sulla liturgia della Messa$9(OLS)http://semarc/title/444517 996 $6264$aMilano :$bVita e Pensiero$9(OLS)http://semarc/publisher/29642 LEADER 00974nam a2200217 i 4500 001 000000060411 003 CaOOAMICUS 005 20130809000000.0 008 130809s1886 it u000 u ita u 013 $a31583 040 $aSeMil$bita 100 1 $aFranco, Giovanni Giuseppe,$c.$0(OLS)http://semarc/name/11354 245 12$aL'ipnotismo tornato di moda :$bstoria e disquisizione scientifica /$cdel p. Gio. Giuseppe Franco. 260 $aPrato :$bTip. Giachetti, Figlio e C.,$c1886. 300 $a196 p. ;$c22 cm. 500 $aEstr. da: Civiltà cattolica serie 13., volume 2., anno 1886. 650 4$aIpnosi.$0(OLS)http://semarc/subject/9226 850 $aSeMil 852 $aSeMil$W1$xVenegono$y1$m2K III 8 FA$j26564$B26564$CSeMilBibl$Z2$F26567 $8I 996 $6245$aL'ipnotismo tornato di moda :$bstoria e disquisizione scientifica$9(OLS)http://semarc/title/94161 996 $6260$aPrato :$bTip. Giachetti, Figlio e C.$9(OLS)http://semarc/publisher/36537